000 00601nam a2200241Ia 4500
001 21815
003 GE_BSU
008 181216s||||||||xx |||||||||||||| ||und||
020 _a9783468498695
040 _cGE_BSU
080 _a811.112
100 _aLeimbacher, Eric
245 _aWirtschaftsdeutsch Von A-Z: Lehr- Und Arbeitsbuch
245 _bNeubearbeitung
260 _aBerlin
260 _bLangenscheidt
260 _c2008
300 _a192 p. ill. 27 cm.
541 _h12 ლ.
653 _aNeubearbeitung
653 _aWirtschaftsdeutsch Von A-Z: Lehr- Und Arbeitsbuch
942 _cBK
999 _c54748
_d54748